| 000 | 00333nam a22001217a 4500 | ||
|---|---|---|---|
| 082 |
_a628.3 _bTHE |
||
| 245 | _athe theory and practice of boiler water treatment | ||
| 260 |
_a London _bFeedwater Specialists Company |
||
| 300 |
_a40 P.: _c16 CM |
||
| 526 |
_a0 _b0 _c0 _d628_300000000000000_THE |
||
| 650 |
_aMCE _9379 |
||
| 942 |
_2ddc _cBK |
||
| 999 |
_c548091 _d548091 |
||